000 01261nam a2200217Ia 4500
999 _c52395
_d52395
001 19415
003 GE_BSU
005 20200825181617.0
008 181216s1939||||ge |||||||||||||| ||geo||
040 _cGE_BSU
041 _ageo
080 _a811.353.1(058) მ-80
245 _aმოამბე, IV(3) აკად. ნ. მარის სახელობის ენის, ისტორიისა და მატერიალური კულტურის ინსტიტუტის მოამბე= Известия института языка, истории и материальной культуры им. акад. Н.Я. Марра=Bulletin De L'Institut Marr De Langues, D'Histoire et De Culture Materielle /
_cრედ. სიმონ ჯანაშია
264 _aტფილისი :
_bმეცნიერებათა აკადემიის საქართველოს ფილიალის გამომცემლობა,
_c1939.
300 _a388 გვ. ;
_c24 სმ.
490 _a(ენიმკის) მოამბე
_vIV(3)
541 _h1ლ.40თ.
653 _aენათმეცნიერება
653 _aმოამბე, IV(3)
942 _cBK
_2udc